Τι είναι πολιτική φιλοσοφία; ; Τα τρία κύματα της νεωτερικότητας
Αποθηκεύτηκε σε:
| Κύριος συγγραφέας: | |
|---|---|
| Άλλοι συγγραφείς: | , |
| Μορφή: | Βιβλίο |
| Γλώσσα: | Greek French |
| Δημοσίευση: |
Θεσσαλονίκη :
Ζήτρος,
c2021.
|
| Σειρά: | Σκέψη (Ζήτρος)
|
| Θέματα: | |
| Ετικέτες: |
Προσθήκη ετικέτας
Δεν υπάρχουν, Καταχωρήστε ετικέτα πρώτοι!
|
MARC
| LEADER | 00000nam a2200000 a 4500 | ||
|---|---|---|---|
| 001 | 1/125816 | ||
| 008 | 230111s2021####gr o ||| |||| ||gre|| | ||
| 020 | |a 9789606490811 | ||
| 040 | |a GR-MyUa |b gre |c GR-MyUa |e AACR2 | ||
| 041 | 1 | |a gre |h fre | |
| 082 | 7 | |a 320.01 |2 (23) | |
| 100 | 1 | |a Strauss, Leo. | |
| 245 | 1 | 3 | |a Τι είναι πολιτική φιλοσοφία; ; |b Τα τρία κύματα της νεωτερικότητας / |c Leo Strauss. Leo Strauss : θεολογικο-πολιτικό πρόβλημα, μεσαιωνικός διαφωτισμός και κρίση της νεωτερικότητας / Σπύρος Μακρής. Τι είναι πολιτική φιλοσοφία; : το φυσικό δίκαιο ως ηθική και πολιτική φιλοσοφία στον Leo Strauss / Ηλίας Βαβούρας ; μετάφραση Ηλίας Βαβούρας, Βασίλειος Μακρυπούλιας, Νίκος Ταγκούλης. |
| 260 | |a Θεσσαλονίκη : |b Ζήτρος, |c c2021. | ||
| 300 | |a 378 σ. : |b φωτ. ; |c 23 εκ. | ||
| 490 | 1 | |a (Σκέψη) | |
| 650 | 0 | |a Political science |x Philosophy. | |
| 600 | 1 | 0 | |a Strauss, Leo. |
| 700 | 1 | |a Μακρής, Σπύρος. | |
| 700 | 1 | |a Βαβούρας, Ηλίας. | |
| 740 | 3 | |a Τα τρία κύματα της νεωτερικότητας. | |
| 740 | 0 | |a Leo Strauss : θεολογικο-πολιτικό πρόβλημα, μεσαιωνικός διαφωτισμός και κρίση της νεωτερικότητας. | |
| 740 | 3 | |a Τι είναι πολιτική φιλοσοφία; : το φυσικό δίκαιο ως ηθική και πολιτική φιλοσοφία στον Leo Strauss. | |
| 830 | 0 | |a Σκέψη (Ζήτρος) | |
| 852 | |a INST |b LESVOS |c EUDOXUS |e 20230111 |h 320.01 STR |p 005100063991 |q 005100063991 |t EDX |y 0 | ||
| 920 | |a Εύδοξος |b Παραγγελία |y Λέσβος-ΤΚΑΙ |z 2023-01 | ||
| 970 | |a Καμάτσου |b Δέσποινα |z 11-01-2023 | ||